| LEADER | 00750nam#a2200253#a#4500 | ||
|---|---|---|---|
| 001 | 008190 | ||
| 005 | 20160721144646.0 | ||
| 008 | 011122s1945####ag##################spa#d | ||
| 040 | |a AR-beUNQ | ||
| 099 | |a 05-S92 | ||
| 100 | 1 | |a Sommi, Luis V | |
| 245 | 1 | 3 | |a Los capitales alemanes en la Argentina : |b historia de su expansión |c Luis V Sommi. |
| 250 | |a 1a. ed. | ||
| 260 | |a Buenos Aires : |b Claridad, |c 1945 | ||
| 300 | |a 358 p | ||
| 650 | 7 | |a ECONOMIA |2 Spines | |
| 650 | 7 | |a HISTORIA |2 Spines | |
| 650 | 7 | |a CAPITAL |2 Spines | |
| 650 | 7 | |a INVERSIONES EXTRANJERAS |2 Spines | |
| 651 | 7 | |a ALEMANIA |2 Spines | |
| 651 | 7 | |a ARGENTINA |2 Spines | |
| 929 | |a COMPRA |b Martha Blanco de Dieguez |d 10,00E |e 20011122 |f patrimonio |j 31155 | ||
| 942 | |c LIB |n 0 | ||
| 999 | |c 10758 |d 86145 | ||